Minecraft Flying Mobs - Sudden Death - Statistics

General Stats
  • This quiz has been taken 153 times
  • The average score is 8 of 11
Answers on the Grid
Answers color-coded by a green-red scale on the quiz's grid according to % correct below.
Allay
Angel
Bat
Bee
Blaze
Breeze
Crow
Dragonfly
Elder Guardian
Ender Dragon
Ghast
Gloomy Ghast
Guardian
Happy Ghast
Lightning Bug
Owl
Parrot
Phoenix
Stray
Strider
Vex
Vulture
Wither
Wither Skeleton
 
Answer Stats
Answer % Correct
Bat
91%
Bee
90%
Blaze
88%
Allay
83%
Ghast
77%
Ender Dragon
73%
Parrot
70%
Wither
67%
Vex
61%
Breeze
60%
Happy Ghast
57%
No matching quizzes found
Score Distribution
Percent of People with Each Score
Percentile by Number Answered
Your Score History
You have not taken this quiz